LEADER 01187nam--2200361---450- 001 990002198120203316 005 20091020111157.0 035 $a000219812 035 $aUSA01000219812 035 $a(ALEPH)000219812USA01 035 $a000219812 100 $a20041122d1972----km-y0itay0103----ba 101 0 $aeng 102 $aNL 105 $a||||||||001yy 200 1 $aUNCTAD$econflict and compromise. The third worlds quest for an equitable world economic order through the United Nations$fby Branislav Gosovic 210 $aLeiden$cA. W. Sijthoff$d1972 215 $aXIV, 349 p.$d24 cm 410 0$12001 454 1$12001 461 1$1001-------$12001 700 1$aGOSOVIC,$bBranislav$0258905 801 0$aIT$bsalbc$gISBD 912 $a990002198120203316 951 $aXXIII.2.B. 32 (IG VIII 8 516)$b5176 G.$cXXIII.2.B. 32 (IG VIII 8)$d00173126 951 $aXXIII.2.B. 32 a (IG VIII 10 521)$b36979 G.$cXXIII.2.B. 32 a (IG VIII 10)$d00250936 959 $aBK 969 $aGIU 979 $aSIAV4$b10$c20041122$lUSA01$h1238 979 $aRSIAV5$b90$c20091013$lUSA01$h0912 979 $aRSIAV4$b90$c20091020$lUSA01$h1111 996 $aUNCTAD$91032608 997 $aUNISA LEADER 01971oam 2200493M 450 001 9910716305303321 005 20200213070855.6 035 $a(CKB)5470000002521087 035 $a(OCoLC)1065576887 035 $a(OCoLC)995470000002521087 035 $a(EXLCZ)995470000002521087 100 $a20071213d1927 ua 0 101 0 $aeng 135 $aurcn||||||||| 181 $ctxt$2rdacontent 182 $cc$2rdamedia 183 $acr$2rdacarrier 200 10$aAuthorizing the President to appoint and retire certain persons first lieutenants in the Medical Corps. February 21, 1927. -- Committed to the Committee of the Whole House on the State of the Union and ordered to be printed 210 1$a[Washington, D.C.] :$c[U.S. Government Printing Office],$d1927. 215 $a1 online resource (3 pages) 225 1 $aHouse report / 69th Congress, 2nd session. House ;$vno. 2173 225 1 $a[United States congressional serial set] ;$v[serial no. 8689] 300 $aBatch processed record: Metadata reviewed, not verified. Some fields updated by batch processes. 300 $aFDLP item number not assigned. 606 $aMedicine, Military 606 $aMilitary appointments 606 $aSurgeons 606 $aArmed Forces$xOfficers 608 $aLegislative materials.$2lcgft 615 0$aMedicine, Military. 615 0$aMilitary appointments. 615 0$aSurgeons. 615 0$aArmed Forces$xOfficers. 701 $aWainwright$b Jonathan Mayhew$f1864-1945$pRepublican (NY)$01386848 801 0$bWYU 801 1$bWYU 801 2$bOCLCO 801 2$bOCLCQ 801 2$bOCLCO 801 2$bOCLCQ 906 $aBOOK 912 $a9910716305303321 996 $aAuthorizing the President to appoint and retire certain persons first lieutenants in the Medical Corps. February 21, 1927. -- Committed to the Committee of the Whole House on the State of the Union and ordered to be printed$93489796 997 $aUNINA